00722nam a2200193 a 450000100100000000500170001000800410002704000250006808200150009310000310010824501040013926000370024330000280028050000380030870000430034604900090038995201130039899900170051100002161920200930011403.0100909s1977 cu a 000 0 spa d aDO-SdBNPbspacBNPHU axxxbC957e1 aCruz, Manuel, de la94498910aEpisodios de la revolución cubana /cManuel de la Cruz ; edición Ofelia Llenín del Alcázar. aLa Habana :bGente Nueva,c1977. a177 p. :bil. ;c20 cm. aIncluye notas al pie de páginas1 aLlenín Alcázar, Ofeliaeed.944990 aBNPD 001050718MOaGRbGRcCTd2010-09-09iLF1l0oxxx C957ep21619-10r2020-06-25w2020-06-25y1ZNo se presta c21118d21118